000 00628nam a22002177a 4500
999 _c5417
_d5417
003 OSt
005 20220413125016.0
008 220413b ||||| |||| 00| 0 eng d
020 _a0205119468
020 _a 9780205119462
040 _cALUPE UNIVERSITY
050 _aQD60
_b.S78 1989
245 _aStudent solutions manual for Chemistry
_cprepared by E.A. Robinson, Judith Poë, Ronald J. Gillespie
250 _a2nd ed.
260 _a Boston :
_bAllyn and Bacon,
_cc1989.
300 _a543 p;
_c27cm.
700 _aEnders A Robinson;
700 _a Judith Poë;
700 _aRonald J Gillespie
942 _2lcc
_cBK
_nBA